000 00912nam a2200241Ia 4500
008 240619s9999 xx 000 0 und d
020 _a978-9919-517-42-7
035 _a7343
040 _aGS0142000
_bmon
_cMN-UlNLM
_dMN-UlNLM
_erda
041 _amon
042 _a12539
084 _2NNA
_a84(5Мон)
_bТ-594
100 _aТөрмөнх Б.
245 0 _aД.Нацагдорж
264 _aУлаанбаатар
_bМон судар ХХК
_c2022
300 _a63х.
336 _2rdacontent
_atext
_btxt
337 _2rdamedia
_aunmediated
_bn
338 _2rdacarrier
_avolume
_bnc
650 _aНацагдорж нь харанхуй бүдүүлэг ард олны дунд, үзэл суртлын хүнд хатуу буулган доор нийгмийг соён гэгээрүүлэх их үйлсэд эцсийн ам...
942 _2NNA
_cBK
999 _c901987
_d902044